Top 21 Most Common Scottish Surnames - Statistics

General Stats
  • This quiz has been taken 154 times
  • The average score is 8 of 21
Answer Stats
Rank Starts with Surname % Correct
1 S Smith
95%
11 M MacDonald
78%
2 B Brown
72%
3 W Wilson
59%
16 Y Young
53%
4 R Robertson
50%
8 A Anderson
42%
6 C Campbell
41%
9 S Scott
36%
7 S Stewart
36%
13 T Taylor
34%
5 T Thomson
31%
18 W Watson
29%
14 C Clark
26%
10 M Murray
22%
15 R Ross
21%
19 P Paterson
18%
17 M Mitchell
16%
12 R Reid
12%
20 M Morrison
11%
21 S Sanders
4%
No matching quizzes found
Score Distribution
Percent of People with Each Score
Percentile by Number Answered
Your Score History
You have not taken this quiz